| 000 | 00565nam a22002057a 4500 | ||
|---|---|---|---|
| 003 | OSt | ||
| 005 | 20160530132711.0 | ||
| 008 | 160530b xxu||||| |||| 00| 0 eng d | ||
| 020 | _a0071360883 | ||
| 040 | _cDLMN | ||
| 082 | _aQV704H141a 2001 | ||
| 100 |
_aHall,D.Gary;Reiss,S.Barry. _99084 |
||
| 245 | _aAppleton &Lange's Review of Pharmacy. | ||
| 250 | _a7th ed. | ||
| 260 |
_aNew York. _bMcGraw-Hill Medical Publishing Division. _c2001. |
||
| 300 |
_axvi,347p; _bill: _c28cm. |
||
| 504 | _aincludes Appendix | ||
| 650 |
_aPharmacy. _99085 |
||
| 942 |
_2z _cO_SHELF |
||
| 999 |
_c4214 _d4214 |
||